000 00703nas a2200241 4500
001 BR9803128
003 BR-BrBNA
005 20231205100805.0
007 ta
008 230509b bl.|||p| |||| 00| 00por d
040 _aBR-BrBNA
_bpor
_cBiblioteca Nacional de Agricultura
041 _a(Pt)
072 _aQ80
100 1 _aAlves, R.M.V.
245 1 _aQueijos em embalagens com atmosfera modificada
650 _aQueijo
650 _aEmbalagem
650 _aAtmosfera
650 _aVida-de-Prateleira
773 0 _tColetanea do Instituto de Tecnologia de Alimentos (Brazil)
_xISSN 0100-350X
_g, v. 26(1) p. 15-23
_wBR9803128
909 _a202311
_bLúcia
_c55
_dLúcia Elande
942 _2AGRIS
_n0
_cANA
999 _c158098
_d158098